00493nam a2200145 a 450000100100000000500170001000800410002704000250006804100080009310000510010124501170015226000360026930000210030550000210032600003363820200930070414.0110902s1893 xxu 000 0 spa d aDO-SdBNPbspacBNPHU17aeng1 aClarke, Richard H.d1827-1911q(Richard Henry)10aOld and new lights on Columbus :bwith observations on controverted/ points and criticisms /cRichard H. Clarke. aNew York :bR.H. Clarke,c1893. a600 p. ;c26 cm. aIncluye índice